000 00699nam a2200241Ia 4500
003 GCL
008 140319s9999 xx 000 0 ara d
040 _aGCL /
_cGCL
082 0 4 _a346.07
_bع ح
100 1 _aحسن حسنى
245 1 0 _aعقود الخدمات المصرفية /
_cحسن حسنى
260 _a[S.N] :
_bدار التعاون للطبع والنشر ،
_c1986
300 _a491 ص
490 _a
650 0 4 _aالقانون
650 0 4 _aالشيكات
650 0 4 _aالعقود
650 0 4 _aالاوراق المالية
650 0 4 _aالقانون التجارى
650 0 4 _aالبنوك
650 0 4 _aالمعاملات المالية
942 _2ddc
_cBK
999 _c28411
_d28411